| 000 | 00702nam a2200277Ia 4500 | ||
|---|---|---|---|
| 008 | 160803s9999 xx 000 0 und d | ||
| 020 | _a0 679863745 | ||
| 100 | _aOsborne, Mary Pope | ||
| 245 | _aMidnight on the moon / | ||
| 245 | _cby Mary Pope Osborne ; illustrated by Sal Murdocca. | ||
| 260 | _aNew York : | ||
| 260 | _bScholastic Inc. | ||
| 260 | _c1996 | ||
| 300 | _a70 pages : | ||
| 300 | _billustrations ; | ||
| 300 | _c20 cm. | ||
| 500 | _a"A first stepping stone book." | ||
| 650 | _aMagic -- | ||
| 650 | _aMoon -- | ||
| 650 | _aScience fiction. | ||
| 650 | _aTime travel -- | ||
| 650 | _xFiction. | ||
| 650 | _xFiction. | ||
| 650 | _xFiction. | ||
| 700 | _a320 | ||
| 999 |
_c298755 _d298755 |
||